000 00823nam2a2200229 4500
001 RU\NLR\BIBL_A\012372956
005 20250627114156.0
035 _a(NLR Aleph) 012372956
090 _a13301453
_c13301453
100 _a20201009g1960 |||y0rusy50 ca
101 0 _akir
102 _aKG
105 _ay z 000zy
200 1 _aВып.1
_f[түз. Ѳ. Баякунов, А. Изибаев]
210 _d1960
_aБ. м.
215 _a134,[2] c.
461 0 _1001RU\NLR\BIBL_A\012372871
_12001#$aКлубдук сахна$e(репертуадык жыйнак)$vВып.1
_913301446
_cБ. м.
_d1958
_fтүз. А. Мамбетакунов, Т. Султангазиев
_p124,[2] c.
_tВып.1
_vВып.1
702 1 _aБаякунов
_bѲ.
_4220
852 _aNLR
_bОНЛ
_jКирг./2-2691
942 _cBOOK
980 _aNB